[Event "24th Klatovy B 2016"]
[Site "Klatovy CZE"]
[Date "2016.07.09"]
[Round "8.39"]
[White "Dolejs, Jakub"]
[Black "Kotal, Petr"]
[Result "0-1"]
[WhiteElo "1086"]
[BlackElo "1558"]
[PlyCount "56"]
[EventDate "2016.07.02"]
[EventType "swiss"]
[EventRounds "9"]
[EventCountry "CZE"]

1. d4 d5 2. c4 e6 3. Nc3 c6 4. e3 Nf6 5. Bd3 dxc4 6. Bxc4 b5 7. Bd3 Nbd7 8. Nf3 Nb6 9. e4 a6 10. O-O Bb7 11. Bg5 Be7 12. Bxf6 Bxf6 13. b4 Bxd4 14. Nxd4 Qxd4 15. Qc2 Qxb4 16. Rab1 Qe7 17. Ne2 e5 18. f4 exf4 19. Rxf4 Na4 20. e5 Qc5+ 21. Qxc5 Nxc5 22. Bc2 Ne6 23. Rf2 Rd8 24. Rbf1 O-O 25. Rf3 Rd2 26. Bb3 Bc8 27. Nf4 Nd4 28. Ne6 Nxf3+ 0-1

[Event "24th Klatovy B 2016"]
[Site "Klatovy CZE"]
[Date "2016.07.09"]
[Round "8.40"]
[White "Psaila, Uranchimeg"]
[Black "Gorbunov, Alexander 1998"]
[Result "0-1"]
[WhiteElo "1546"]
[BlackElo "1353"]
[PlyCount "48"]
[EventDate "2016.07.02"]
[EventType "swiss"]
[EventRounds "9"]
[EventCountry "CZE"]

1. d4 d5 2. e3 Nf6 3. Bd3 e6 4. Nf3 c5 5. c3 Nc6 6. O-O cxd4 7. exd4 Be7 8. Bg5 O-O 9. Nbd2 Bd7 10. Re1 Ne8 11. Bxe7 Qxe7 12. Nf1 Nc7 13. Bc2 f5 14. Ng3 Qf6 15. Qd2 f4 16. Nh1 Be8 17. Ne5 Qh6 18. Qe2 Nxe5 19. Qxe5 Rc8 20. Rad1 Bg6 21. Bxg6 Qxg6 22. Rd2 Rf5 23. Qe2 f3 24. Qd3 Qxg2# 0-1

[Event "24th Klatovy B 2016"]
[Site "Klatovy CZE"]
[Date "2016.07.09"]
[Round "8.42"]
[White "Kubat, Ladislav"]
[Black "Mikes, Vlastislav 1983"]
[Result "0-1"]
[WhiteElo "1435"]
[BlackElo "1472"]
[PlyCount "112"]
[EventDate "2016.07.02"]
[EventType "swiss"]
[EventRounds "9"]
[EventCountry "CZE"]

1. e4 d6 2. d4 Nf6 3. Nc3 c6 4. Bd3 g6 5. f3 Nfd7 6. Be3 Bg7 7. Nge2 O-O 8. Qd2 Re8 9. g4 Nf6 10. h4 c5 11. Ng3 Nxg4 12. dxc5 Nxe3 13. Qxe3 dxc5 14. Qxc5 Qd4 15. Qxd4 Bxd4 16. Nge2 Be3 17. h5 g5 18. b4 g4 19. fxg4 Kh8 20. Nd1 Bg5 21. Rf1 f6 22. Rg1 a6 23. Kf1 Nd7 24. Nd4 Ne5 25. Nf5 e6 26. Nd6 Rd8 27. Nxc8 Raxc8 28. Nf2 Rd4 29. Rb1 Nf3 30. Rh1 Nd2+ 31. Ke2 Nxb1 32. Rxb1 Rc3 33. a4 e5 34. b5 Rxa4 35. bxa6 bxa6 36. Rb8+ Kg7 37. Rb7+ Kh6 38. Kf3 a5 39. Nh1 Bh4 40. Rf7 Rb4 41. Ng3 Bxg3 42. Kxg3 Rb6 43. Ra7 Ra3 44. Kh4 a4 45. Bc4 Rb1 46. Bd3 Rh1+ 47. Kg3 Raa1 48. Rf7 Rag1+ 49. Kf3 Rh3+ 50. Kf2 Rxg4 51. Rxf6+ Kg5 52. Ra6 Rf4+ 53. Kg2 Kh4 54. Rxa4 Rg3+ 55. Kh2 Rf2+ 56. Kh1 Kh3 0-1

[Event "24th Klatovy B 2016"]
[Site "Klatovy CZE"]
[Date "2016.07.09"]
[Round "8.46"]
[White "Stanke, Vilem"]
[Black "Skalicky, Jindrich"]
[Result "1/2-1/2"]
[WhiteElo "1200"]
[BlackElo "1311"]
[PlyCount "46"]
[EventDate "2016.07.02"]
[EventType "swiss"]
[EventRounds "9"]
[EventCountry "CZE"]

1. e4 c5 2. c4 e5 3. Nf3 Nc6 4. Nc3 d6 5. b3 Nf6 6. Bb2 Be7 7. Be2 O-O 8. Nh4 g6 9. Nf3 Be6 10. d3 Nd4 11. O-O Nxe2+ 12. Qxe2 a6 13. Nd5 Nxd5 14. cxd5 Bg4 15. a3 Qb6 16. b4 cxb4 17. axb4 Bxf3 18. Qxf3 Qxb4 19. Rab1 Qa5 20. Rfc1 Qd8 21. d4 exd4 22. Bxd4 Rc8 23. Rd1 b5 1/2-1/2

[Event "24th Klatovy B 2016"]
[Site "Klatovy CZE"]
[Date "2016.07.09"]
[Round "8.3"]
[White "Kovar, Petr2"]
[Black "Berka, Lubos"]
[Result "1-0"]
[WhiteElo "1980"]
[BlackElo "1787"]
[PlyCount "127"]
[EventDate "2016.07.02"]
[EventType "swiss"]
[EventRounds "9"]
[EventCountry "CZE"]

1. d4 Nf6 2. c4 g6 3. Nc3 Bg7 4. e4 d6 5. Be2 O-O 6. Be3 e5 7. d5 a6 8. g4 c5 9. g5 Ne8 10. h4 Nc7 11. a4 Nd7 12. Nf3 Re8 13. Kd2 Nf8 14. Qg1 Rb8 15. Nh2 Re7 16. Bg4 b5 17. Bxc8 Qxc8 18. Ng4 Nd7 19. b3 bxc4 20. bxc4 Rb2+ 21. Kd3 Qb8 22. Rb1 Re8 23. Qc1 Rxb1 24. Qxb1 Qa8 25. Qc2 Rb8 26. Rb1 Rb7 27. f3 Qb8 28. Rxb7 Qxb7 29. Qb1 Qxb1+ 30. Nxb1 f5 31. Nf2 f4 32. Bd2 Kf7 33. Ng4 Ke7 34. Ba5 Na8 35. Kc2 Ke8 36. Nd2 Ke7 37. Bc3 Nab6 38. a5 Nc8 39. Nb3 Kf7 40. Nc1 Ke7 41. Nd3 Kf7 42. Kb3 Ke7 43. Nxf4 Kf7 44. Nd3 Kf8 45. f4 exf4 46. Bxg7+ Kxg7 47. Nxf4 Kf7 48. Kc3 Na7 49. Kd3 Nc8 50. Ne3 Nb8 51. Ng4 Na7 52. Ke3 Nc8 53. Nd3 Nd7 54. Kf4 Kf8 55. e5 Ke7 56. e6 Nf8 57. Nf6 Kd8 58. Ng8 Ne7 59. Nxe7 Kxe7 60. Ke4 h6 61. gxh6 Nh7 62. Kf4 Kf6 63. Nf2 Ke7 64. Ne4 1-0

[Event "24th Klatovy B 2016"]
[Site "Klatovy CZE"]
[Date "2016.07.09"]
[Round "8.6"]
[White "Ostry, Michal"]
[Black "Mejzr, Jan"]
[Result "0-1"]
[WhiteElo "1644"]
[BlackElo "1853"]
[PlyCount "80"]
[EventDate "2016.07.02"]
[EventType "swiss"]
[EventRounds "9"]
[EventCountry "CZE"]

1. e4 e5 2. Nf3 Nc6 3. Bb5 a6 4. Ba4 Nf6 5. O-O Nxe4 6. Re1 Nc5 7. Nxe5 Be7 8. Bxc6 dxc6 9. d3 O-O 10. Bf4 Ne6 11. Bg3 f5 12. h3 f4 13. Bh2 Bf6 14. Nc3 Bxe5 15. Rxe5 f3 16. Bg3 fxg2 17. Ne4 Nd4 18. Kxg2 Nf3 19. Ra5 b6 20. Ra3 Qd7 21. Qh1 c5 22. c4 Bb7 23. Qc1 Rae8 24. Qe3 Qf5 25. Rc3 Rxe4 26. dxe4 Bxe4 27. Kf1 Rd8 28. Qf4 Qxh3+ 29. Ke2 Qe6 30. Rxf3 Bxf3+ 31. Kxf3 Rf8 32. Qxf8+ Kxf8 33. Rd1 Qxc4 34. Rd8+ Ke7 35. Rc8 Qd5+ 36. Kf4 g5+ 37. Kg4 Qe6+ 38. Kxg5 Qxc8 39. Kh6 Qf5 40. Bxc7 Qg6# 0-1

[Event "24th Klatovy B 2016"]
[Site "Klatovy CZE"]
[Date "2016.07.09"]
[Round "8.9"]
[White "Cyron, Karel"]
[Black "Pucholt, Martin"]
[Result "1-0"]
[WhiteElo "1802"]
[BlackElo "1641"]
[PlyCount "77"]
[EventDate "2016.07.02"]
[EventType "swiss"]
[EventRounds "9"]
[EventCountry "CZE"]

1. e4 c5 2. Nf3 d6 3. d4 cxd4 4. Nxd4 Nf6 5. Nc3 e5 6. Ndb5 a6 7. Na3 Be7 8. Be2 O-O 9. Be3 Be6 10. O-O Nbd7 11. f3 b5 12. Nd5 Nxd5 13. exd5 Bf5 14. c3 Rc8 15. Nc2 Nc5 16. Nb4 Bd7 17. Nd3 Nxd3 18. Bxd3 h6 19. a4 f5 20. axb5 axb5 21. Qe2 Rb8 22. Ra7 f4 23. Bf2 Qe8 24. Rfa1 Bf5 25. R1a5 Bxd3 26. Qxd3 b4 27. c4 Bf6 28. b3 Rf7 29. R7a6 Rd7 30. Qf5 Re7 31. Rxd6 e4 32. fxe4 Rxe4 33. Re6 Rxe6 34. dxe6 Qd8 35. Rd5 Qc7 36. Rd7 Qc6 37. Bh4 Rf8 38. Bxf6 Rxf6 39. Rd8+ 1-0

[Event "24th Klatovy B 2016"]
[Site "Klatovy CZE"]
[Date "2016.07.09"]
[Round "8.21"]
[White "Sroub, Jaroslav"]
[Black "Rychtecky, Pavel"]
[Result "0-1"]
[WhiteElo "1730"]
[BlackElo "1546"]
[PlyCount "90"]
[EventDate "2016.07.02"]
[EventType "swiss"]
[EventRounds "9"]
[EventCountry "CZE"]

1. Nf3 Nf6 2. d3 d5 3. g3 c5 4. Bg2 Nc6 5. Nbd2 e5 6. e4 Be7 7. O-O d4 8. Nc4 Qc7 9. Ng5 h6 10. Nh3 Be6 11. b3 Qd7 12. f4 Bg4 13. Qe1 Bxh3 14. fxe5 Bxg2 15. Kxg2 Ng4 16. Bf4 Qe6 17. h3 Ngxe5 18. Nxe5 Nxe5 19. Bxe5 Qxe5 20. Rf5 Qe6 21. Qf2 O-O 22. Rf1 g6 23. Rf3 Bg5 24. g4 Qe7 25. Qg3 Rae8 26. Rh1 Bh4 27. Qf4 Kg7 28. Rhf1 Bg5 29. Qg3 b6 30. Qf2 Bh4 31. Qe2 Qe5 32. Kh1 Re7 33. Rg1 Rc8 34. Qf1 Re6 35. Qg2 Rec6 36. Rgf1 b5 37. Rg1 Rf6 38. Rgf1 Rxf3 39. Rxf3 c4 40. b4 cxd3 41. cxd3 Rc7 42. Qf1 f6 43. Qe2 Rc1+ 44. Rf1 Rxf1+ 45. Qxf1 Qg3 0-1

[Event "24th Klatovy B 2016"]
[Site "Klatovy CZE"]
[Date "2016.07.09"]
[Round "8.43"]
[White "Peterek, Zbynek"]
[Black "Janous, Marek"]
[Result "1-0"]
[WhiteElo "1314"]
[BlackElo "1200"]
[PlyCount "167"]
[EventDate "2016.07.02"]
[EventType "swiss"]
[EventRounds "9"]
[EventCountry "CZE"]

1. Nf3 Nc6 2. d4 Nf6 3. Nc3 d5 4. Bf4 Bf5 5. a3 e6 6. e3 a6 7. Be2 Be7 8. O-O O-O 9. Re1 h6 10. Ne5 Nxe5 11. Bxe5 Re8 12. Bxf6 Bxf6 13. Bd3 Bxd3 14. Qxd3 e5 15. Qd2 exd4 16. exd4 Bg5 17. Rxe8+ Qxe8 18. Qe1 Qxe1+ 19. Rxe1 Bd2 20. Re7 Bxc3 21. bxc3 Rc8 22. Rd7 Re8 23. Kf1 b5 24. Rxc7 Re6 25. Rd7 Rc6 26. Rxd5 Rxc3 27. Rd6 Rxa3 28. Ke2 Kf8 29. Rd7 g6 30. Kd2 Kg7 31. Rc7 Kf6 32. d5 Ke5 33. Rxf7 Ra4 34. Ke3 Ra3+ 35. Ke2 Ra2 36. Kd3 Ra3+ 37. Kd2 Ra4 38. Rg7 Kf6 39. Rd7 Ke5 40. c3 Ra2+ 41. Ke3 Rc2 42. f4+ Kf6 43. Rd6+ Kf7 44. Rxa6 Rxg2 45. Rb6 Rxh2 46. Rxb5 Rh3+ 47. Kd4 Rf3 48. Rb7+ Ke8 49. Rg7 Rxf4+ 50. Kc5 Rf6 51. c4 g5 52. d6 Kf8 53. d7 Kxg7 54. d8=Q Rf5+ 55. Kb4 Rf8 56. Qe7+ Rf7 57. Qe5+ Kg8 58. c5 Rf1 59. c6 Rb1+ 60. Ka4 Rc1 61. c7 Kf7 62. c8=N Rf1 63. Nd6+ Kf8 64. Nf5 Rf4+ 65. Ka5 Kf7 66. Qe7+ Kg6 67. Nd6 Kh5 68. Qe2+ Kg6 69. Ne4 Rf8 70. Kb6 Rb8+ 71. Kc6 Rc8+ 72. Kd7 Rf8 73. Qg4 Rf5 74. Ke6 Rf4 75. Qg2 g4 76. Qc2 h5 77. Nf6+ Kg5 78. Qd2 g3 79. Ke5 Kh4 80. Qxf4+ Kh3 81. Nxh5 Kg2 82. Qxg3+ Kh1 83. Qg4 Kh2 84. Nf4 1-0

[Event "24th Klatovy B 2016"]
[Site "Klatovy CZE"]
[Date "2016.07.09"]
[Round "8.48"]
[White "Severin, Alois"]
[Black "Barta, Daniel"]
[Result "1-0"]
[WhiteElo "1240"]
[BlackElo "1115"]
[PlyCount "148"]
[EventDate "2016.07.02"]
[EventType "swiss"]
[EventRounds "9"]
[EventCountry "CZE"]

1. d4 d5 2. c3 f5 3. Bf4 Nc6 4. e3 b6 5. Be2 Bb7 6. Bb5 g6 7. Be2 e6 8. Nf3 Bd6 9. Ne5 Nxe5 10. dxe5 Be7 11. Qa4+ Qd7 12. Qxd7+ Kxd7 13. Bb5+ Bc6 14. Bxc6+ Kxc6 15. Nd2 Kb7 16. Nf3 h6 17. Nd4 Bg5 18. Nxe6 Bxf4 19. exf4 Re8 20. Nd4 g5 21. O-O gxf4 22. Rae1 Ne7 23. e6 Rhg8 24. f3 c5 25. Nb5 Nc8 26. Rf2 a6 27. Na3 Rg7 28. Kh1 Rge7 29. Nc2 Rxe6 30. g3 Rxe1+ 31. Nxe1 Rxe1+ 32. Kg2 fxg3 33. Kxg3 d4 34. cxd4 cxd4 35. Rd2 Rb1 36. b3 Rg1+ 37. Kf2 Rh1 38. Kg2 Re1 39. Kf2 Ra1 40. a4 Rb1 41. Rd3 Ne7 42. Rxd4 Nc6 43. Rd7+ Kc8 44. Rd6 Rb2+ 45. Kg3 Kc7 46. Rxh6 Rxb3 47. Rh7+ Kd6 48. Rh6+ Kd5 49. h4 Nd4 50. a5 Rxf3+ 51. Kg2 bxa5 52. Rxa6 Ra3 53. h5 Ne6 54. h6 Ng5 55. Rg6 Nf7 56. h7 f4 57. Rf6 Nh8 58. Rf8 Ng6 59. Rg8 Rg3+ 60. Kh2 a4 61. Rxg6 Rxg6 62. h8=Q Rf6 63. Qxf6 Ke4 64. Qe6+ Kf3 65. Qd5+ Ke3 66. Qe5+ Kf3 67. Qc3+ Ke2 68. Kg2 Kd1 69. Qf3+ Kc2 70. Qa3 f3+ 71. Kxf3 Kb1 72. Qxa4 Kb2 73. Qd4+ Ka2 74. Qb6 Ka1 1-0

[Event "24th Klatovy B 2016"]
[Site "Klatovy CZE"]
[Date "2016.07.10"]
[Round "9.2"]
[White "Kotva, Milan"]
[Black "Jirasek, Jiri"]
[Result "1-0"]
[WhiteElo "1998"]
[BlackElo "1881"]
[PlyCount "129"]
[EventDate "2016.07.02"]
[EventType "swiss"]
[EventRounds "9"]
[EventCountry "CZE"]

1. e4 e5 2. Nf3 Nf6 3. Nxe5 d6 4. Nf3 Nxe4 5. Nc3 Nxc3 6. dxc3 Be7 7. Bd3 O-O 8. O-O Nc6 9. h3 Ne5 10. Nxe5 dxe5 11. Qh5 f5 12. Bc4+ Kh8 13. Re1 g6 14. Qe2 Bf6 15. Bh6 Re8 16. Rad1 Qe7 17. Qe3 Bd7 18. Bd5 c6 19. Bb3 Be6 20. Bxe6 Qxe6 21. Qc5 b6 22. Qd6 e4 23. Be3 c5 24. Qxe6 Rxe6 25. Rd7 g5 26. g3 h6 27. Red1 Kg8 28. Kf1 Be5 29. Bc1 a5 30. Ke2 Rae8 31. h4 f4 32. hxg5 hxg5 33. gxf4 gxf4 34. Rg1+ Kf8 35. Rg4 e3 36. fxe3 fxe3 37. Kxe3 R8e7 38. Rxe7 Kxe7 39. Kd3 Kd6 40. Kc4 Kc6 41. Re4 b5+ 42. Kd3 c4+ 43. Ke2 Kd5 44. Re3 Rg6 45. Kf1 Bh2 46. Re1 Bg3 47. Rd1+ Ke4 48. Rd8 Rf6+ 49. Kg2 Be5 50. Rg8 Rd6 51. Rg4+ Kd5 52. Be3 Rf6 53. Rg5 Re6 54. Bd4 Ke4 55. Kf2 Rf6+ 56. Ke2 Bxd4 57. cxd4 Kxd4 58. Rxb5 c3 59. b3 Rh6 60. Rf5 Rh1 61. Rf4+ Ke5 62. Ra4 Rh2+ 63. Kd3 Rh3+ 64. Kc4 Ke4 65. Rxa5 1-0

[Event "24th Klatovy B 2016"]
[Site "Klatovy CZE"]
[Date "2016.07.10"]
[Round "9.3"]
[White "Zednik, Zdenek"]
[Black "Gorbunov, Artemiy"]
[Result "1/2-1/2"]
[WhiteElo "1966"]
[BlackElo "1671"]
[PlyCount "30"]
[EventDate "2016.07.02"]
[EventType "swiss"]
[EventRounds "9"]
[EventCountry "CZE"]

1. c4 e5 2. Nc3 Nf6 3. g3 d6 4. Bg2 c6 5. d4 exd4 6. Qxd4 Nbd7 7. Nf3 Be7 8. O-O O-O 9. e4 Nc5 10. h3 Re8 11. b3 Ne6 12. Qd2 Qa5 13. Nd5 Qxd2 14. Nxe7+ Rxe7 15. Nxd2 Ng5 1/2-1/2

[Event "24th Klatovy B 2016"]
[Site "Klatovy CZE"]
[Date "2016.07.10"]
[Round "9.4"]
[White "Mejzr, Jan"]
[Black "Cyron, Karel"]
[Result "1-0"]
[WhiteElo "1853"]
[BlackElo "1802"]
[PlyCount "77"]
[EventDate "2016.07.02"]
[EventType "swiss"]
[EventRounds "9"]
[EventCountry "CZE"]

1. e4 Nf6 2. e5 Nd5 3. c4 Nb6 4. d4 d6 5. f4 dxe5 6. fxe5 Nc6 7. Be3 Bf5 8. Nc3 e6 9. Nf3 Bg4 10. Be2 Bxf3 11. gxf3 Qh4+ 12. Bf2 Qf4 13. c5 Nd5 14. Nxd5 exd5 15. O-O Be7 16. Qd3 Bg5 17. Rad1 O-O 18. Qb3 Ne7 19. Rd3 Qf5 20. f4 Bxf4 21. Bg3 g5 22. Bxf4 gxf4 23. Rg3+ Kh8 24. Bd3 Qh5 25. Rxf4 Rg8 26. Qc2 Qh3 27. Qg2 Qh6 28. Qf2 Raf8 29. Kf1 Rxg3 30. hxg3 Qh1+ 31. Qg1 Qh3+ 32. Kf2 Qh6 33. Ke2 Kg8 34. Rh4 Qg5 35. Bxh7+ Kg7 36. Qe3 f6 37. exf6+ Qxf6 38. Rf4 Qh6 39. Qxe7+ 1-0

[Event "24th Klatovy B 2016"]
[Site "Klatovy CZE"]
[Date "2016.07.10"]
[Round "9.5"]
[White "Rezac, Jindrich"]
[Black "Sprenar, Petr"]
[Result "0-1"]
[WhiteElo "1799"]
[BlackElo "1798"]
[PlyCount "74"]
[EventDate "2016.07.02"]
[EventType "swiss"]
[EventRounds "9"]
[EventCountry "CZE"]

1. c4 Nf6 2. d4 e6 3. Nc3 Bb4 4. Qc2 b6 5. Bg5 h6 6. Bh4 Bb7 7. a3 Bxc3+ 8. Qxc3 d6 9. Nf3 Nbd7 10. e3 O-O 11. Be2 Qe7 12. O-O g5 13. Bg3 Ne4 14. Qc2 f5 15. Nd2 Qg7 16. Nxe4 Bxe4 17. Bd3 Bxd3 18. Qxd3 f4 19. exf4 gxf4 20. Bh4 Rae8 21. f3 e5 22. Bf2 Rf6 23. dxe5 Nxe5 24. Qd5+ Kh8 25. Bd4 Rg8 26. Rf2 Rg6 27. Bxe5 dxe5 28. Qd2 h5 29. Kh1 h4 30. h3 Rd6 31. Qe2 Rg6 32. Re1 Rg5 33. Rd1 Rg3 34. Re1 e4 35. fxe4 f3 36. Rxf3 Rxg2 37. Qf1 Qxb2 0-1

[Event "24th Klatovy B 2016"]
[Site "Klatovy CZE"]
[Date "2016.07.10"]
[Round "9.6"]
[White "Kubat, Martin"]
[Black "Cizek, Ondrej"]
[Result "1/2-1/2"]
[WhiteElo "1709"]
[BlackElo "1826"]
[PlyCount "61"]
[EventDate "2016.07.02"]
[EventType "swiss"]
[EventRounds "9"]
[EventCountry "CZE"]

1. e4 c6 2. d4 d5 3. exd5 cxd5 4. Bd3 Nc6 5. Nf3 Bg4 6. c3 Nf6 7. O-O e6 8. Bf4 Bd6 9. Bxd6 Qxd6 10. Nbd2 O-O 11. Re1 Rac8 12. Nf1 a6 13. Ng3 Qf4 14. Qd2 Qxd2 15. Nxd2 b5 16. h3 Bh5 17. Nxh5 Nxh5 18. Nb3 Nf4 19. Bf1 Ra8 20. Nc5 Na5 21. g3 Ng6 22. a4 Nc4 23. b4 Ne7 24. Ra2 Nf5 25. Bxc4 bxc4 26. Rb1 Nd6 27. Rab2 Rfb8 28. b5 axb5 29. axb5 Rb6 30. Nd7 Rb7 31. Nc5 1/2-1/2

[Event "24th Klatovy B 2016"]
[Site "Klatovy CZE"]
[Date "2016.07.10"]
[Round "9.7"]
[White "Vachal, Josef1"]
[Black "Ostry, Michal"]
[Result "1/2-1/2"]
[WhiteElo "1957"]
[BlackElo "1644"]
[PlyCount "100"]
[EventDate "2016.07.02"]
[EventType "swiss"]
[EventRounds "9"]
[EventCountry "CZE"]

1. e4 c5 2. Nf3 d6 3. d4 cxd4 4. Nxd4 Nf6 5. Nc3 g6 6. Be3 Bg7 7. Qd2 O-O 8. O-O-O Ng4 9. Bg5 h6 10. Bh4 Nc6 11. Nxc6 bxc6 12. f3 Nf6 13. e5 Nd5 14. Nxd5 cxd5 15. exd6 Qxd6 16. Qe3 Bxb2+ 17. Kxb2 Qb4+ 18. Kc1 Qxh4 19. Rxd5 Be6 20. Re5 Qa4 21. Bd3 Qa3+ 22. Kd2 Rad8 23. Ke2 Kg7 24. Rb1 Rd7 25. Rbb5 Qc3 26. h4 Bc4 27. Rec5 Bxd3+ 28. cxd3 Qf6 29. Qe5 Rfd8 30. Qxf6+ Kxf6 31. Rc3 Rd4 32. Ra5 Rxh4 33. Rxa7 Rh1 34. Rcc7 Re8 35. a4 Ra1 36. a5 Ke6 37. Ke3 Kd6 38. Rcb7 Ra2 39. g4 h5 40. Rd7+ Ke6 41. gxh5 gxh5 42. Rd4 f5 43. Ra6+ Kf7 44. Rh4 Rh8 45. Ra7 Kf6 46. f4 Ra4 47. Kd2 Ke6 48. Kc3 Ra1 49. Kb2 Ra4 50. Kb3 Ra1 1/2-1/2

[Event "24th Klatovy B 2016"]
[Site "Klatovy CZE"]
[Date "2016.07.10"]
[Round "9.8"]
[White "Leseticky, Vladimir"]
[Black "Perik, Alois"]
[Result "1/2-1/2"]
[WhiteElo "1665"]
[BlackElo "1807"]
[PlyCount "39"]
[EventDate "2016.07.02"]
[EventType "swiss"]
[EventRounds "9"]
[EventCountry "CZE"]

1. e4 c6 2. d4 d5 3. Nc3 dxe4 4. Nxe4 Bf5 5. Ng3 Bg6 6. Nf3 e6 7. Bd3 Bxd3 8. Qxd3 Nf6 9. O-O Qc7 10. c4 Nbd7 11. Re1 Be7 12. Bg5 h6 13. Bd2 O-O 14. Qe2 Rfe8 15. Ne5 c5 16. Bf4 Bd6 17. Nxd7 Qxd7 18. Bxd6 Qxd6 19. dxc5 Qxc5 20. b3 1/2-1/2

[Event "24th Klatovy B 2016"]
[Site "Klatovy CZE"]
[Date "2016.07.10"]
[Round "9.9"]
[White "Berka, Lubos"]
[Black "Kubat, Zbynek"]
[Result "1-0"]
[WhiteElo "1787"]
[BlackElo "1629"]
[PlyCount "107"]
[EventDate "2016.07.02"]
[EventType "swiss"]
[EventRounds "9"]
[EventCountry "CZE"]

1. e4 d5 2. exd5 Qxd5 3. Nc3 Qa5 4. d4 c6 5. h3 Nf6 6. Bd2 Qc7 7. Nf3 Nd5 8. Bc4 e6 9. O-O Be7 10. Re1 O-O 11. Ne4 b5 12. Bd3 Nd7 13. c3 Nf4 14. Bc2 h6 15. Qc1 Ng6 16. g4 Nf6 17. Nxf6+ Bxf6 18. Bxg6 fxg6 19. Bf4 Qf7 20. Bg3 Bb7 21. Ne5 Bxe5 22. Rxe5 Qf3 23. Qe3 Qxe3 24. Rxe3 Rfe8 25. Rae1 Bc8 26. Bd6 Bd7 27. Rf3 Rad8 28. Kh2 Bc8 29. Bc5 Rd7 30. Kg3 a6 31. Ree3 a5 32. Rf4 Rf7 33. Rxf7 Kxf7 34. Kf4 Rh8 35. Ke5 Ke8 36. Kd6 Rf8 37. f3 Bd7 38. Kc7 Rf6 39. b3 Rf7 40. Kb6 Kd8 41. Kxa5 Kc7 42. a4 g5 43. c4 bxa4 44. bxa4 g6 45. Bb6+ Kb7 46. Rb3 h5 47. Bd8+ Kc8 48. Bxg5 hxg4 49. hxg4 e5 50. d5 cxd5 51. cxd5 Bxa4 52. Kxa4 Ra7+ 53. Kb5 Rb7+ 54. Kc4 1-0

[Event "24th Klatovy B 2016"]
[Site "Klatovy CZE"]
[Date "2016.07.10"]
[Round "9.10"]
[White "Kasik, Miroslav"]
[Black "Vavrinkova, Jitka"]
[Result "1/2-1/2"]
[WhiteElo "1768"]
[BlackElo "1625"]
[PlyCount "23"]
[EventDate "2016.07.02"]
[EventType "swiss"]
[EventRounds "9"]
[EventCountry "CZE"]

1. e4 e6 2. d4 d5 3. Nd2 c5 4. exd5 Qxd5 5. Ndf3 Nc6 6. Be3 Nf6 7. dxc5 Be7 8. Qxd5 Nxd5 9. Bd3 Nxe3 10. fxe3 O-O 11. O-O-O Bxc5 12. e4 1/2-1/2

[Event "24th Klatovy B 2016"]
[Site "Klatovy CZE"]
[Date "2016.07.10"]
[Round "9.11"]
[White "Ruzicka, Vaclav1"]
[Black "Vavrousek, Petr"]
[Result "0-1"]
[WhiteElo "1649"]
[BlackElo "1763"]
[PlyCount "129"]
[EventDate "2016.07.02"]
[EventType "swiss"]
[EventRounds "9"]
[EventCountry "CZE"]

1. d4 d5 2. c4 e6 3. Nf3 Nf6 4. g3 c6 5. Qc2 Nbd7 6. Bg2 Bb4+ 7. Bd2 Qa5 8. O-O Ne4 9. Bxb4 Qxb4 10. Nbd2 Ndf6 11. a3 Qe7 12. Ne5 Nxd2 13. Qxd2 Nd7 14. Nxd7 Bxd7 15. c5 O-O 16. f4 f6 17. b4 e5 18. fxe5 fxe5 19. Qe3 Rxf1+ 20. Rxf1 Re8 21. dxe5 Qxe5 22. Qxe5 Rxe5 23. Kf2 Bf5 24. e3 Kf7 25. Ke2 Ke6 26. Kd2 g5 27. h4 g4 28. Rf4 h5 29. Bh1 b6 30. cxb6 axb6 31. a4 Ke7 32. Bg2 Bd7 33. a5 bxa5 34. bxa5 d4 35. Rxd4 Rxa5 36. Be4 c5 37. Rc4 Be6 38. Rc3 Kf6 39. Bd3 Bf7 40. e4 Ke5 41. Ke3 Be6 42. Be2 Bf7 43. Bd3 Kd6 44. Kf4 Ra4 45. Bc2 Rd4 46. Ke3 Rb4 47. Kf4 c4 48. e5+ Kc5 49. Bf5 Rb3 50. Rxb3 cxb3 51. e6 Be8 52. Kg5 b2 53. Kf6 Kd6 54. e7 Kc7 55. Kg7 Kd6 56. Kf8 Ke5 57. Bb1 Bb5 58. e8=Q+ Bxe8 59. Kxe8 Kd4 60. Kf7 Ke3 61. Kg6 Kf2 62. Kxh5 Kxg3 63. Bf5 Kf4 64. Bb1 g3 65. Kg6 0-1

[Event "24th Klatovy B 2016"]
[Site "Klatovy CZE"]
[Date "2016.07.10"]
[Round "9.12"]
[White "Soukup, Jiri1"]
[Black "Kovarova, Oxana"]
[Result "1-0"]
[WhiteElo "1591"]
[BlackElo "1759"]
[PlyCount "127"]
[EventDate "2016.07.02"]
[EventType "swiss"]
[EventRounds "9"]
[EventCountry "CZE"]

1. e4 e5 2. Nf3 Nc6 3. Bc4 Nf6 4. Ng5 d5 5. exd5 Na5 6. Bb5+ c6 7. dxc6 bxc6 8. Be2 Bf5 9. d3 Qb6 10. Nc3 Rd8 11. O-O h6 12. Nf3 e4 13. Ne1 Bd6 14. h3 Bb8 15. Bd2 Qc7 16. f4 Nc4 17. dxc4 e3 18. Bd3 Bxd3 19. Nxd3 exd2 20. Qe2+ Kf8 21. Qxd2 Kg8 22. Qf2 Kh7 23. g4 Qd7 24. Ne5 Qe6 25. Rae1 Nd7 26. Nxd7 Qxd7 27. Qc5 a6 28. Kh1 Rhf8 29. Re7 Qd4 30. Qxc6 Bxf4 31. Qxa6 Qd2 32. Re2 Qd7 33. Rxf4 Rb8 34. b3 Qc7 35. Nd5 Qd8 36. Qc6 Rc8 37. Qb7 Qh4 38. Kg2 Rb8 39. Qe7 f6 40. Qe4+ Kh8 41. Ne7 Qg5 42. Ng6+ Kg8 43. Nxf8 Kxf8 44. Qf5 Qh4 45. Qh5 Qxh5 46. gxh5 Ra8 47. a4 Ra5 48. Rh4 Kf7 49. Kf3 Rf5+ 50. Ke4 Rg5 51. Kf4 Ra5 52. Rd2 Rg5 53. Rd5 Rg2 54. c3 Ke6 55. Kf3 Re2 56. Re4+ Kf7 57. Re3 Kg8 58. c5 Kh7 59. c6 f5 60. c7 f4 61. Kxf4 Rh2 62. c8=Q Rf2+ 63. Rf3 Rg2 64. Qf5+ 1-0

[Event "24th Klatovy B 2016"]
[Site "Klatovy CZE"]
[Date "2016.07.10"]
[Round "9.13"]
[White "Rychtecky, Pavel"]
[Black "Novotny, David"]
[Result "1-0"]
[WhiteElo "1546"]
[BlackElo "1758"]
[PlyCount "95"]
[EventDate "2016.07.02"]
[EventType "swiss"]
[EventRounds "9"]
[EventCountry "CZE"]

1. e4 d6 2. d4 Nf6 3. Nc3 g6 4. f4 Bg7 5. Nf3 O-O 6. Bd3 e6 7. O-O d5 8. h3 dxe4 9. Nxe4 Nxe4 10. Bxe4 f5 11. Bd3 Bxd4+ 12. Nxd4 Qxd4+ 13. Kh2 Nc6 14. c3 Qd6 15. Qe2 Bd7 16. b4 Rfe8 17. Bc4 Kf8 18. a4 Kf7 19. Rd1 Qe7 20. b5 Na5 21. Ba3 Qd8 22. Rd4 Nxc4 23. Qxc4 Qc8 24. Rad1 Rd8 25. Qd3 Ke8 26. Qe2 a6 27. Qe5 Kf7 28. Rc4 c6 29. b6 c5 30. Bxc5 Bc6 31. Bd4 Rxd4 32. Qxd4 Qe8 33. a5 Rc8 34. Rd2 Qe7 35. Rc5 g5 36. Rc4 g4 37. Qe5 Qh4 38. Rd7+ Bxd7 39. Rxc8 Bxc8 40. Qc7+ Qe7 41. Qxc8 gxh3 42. Kxh3 Kg6 43. Qg8+ Qg7 44. Qxe6+ Qf6 45. Qxf6+ Kxf6 46. Kh4 h6 47. Kh5 Kg7 48. c4 1-0

[Event "24th Klatovy B 2016"]
[Site "Klatovy CZE"]
[Date "2016.07.10"]
[Round "9.14"]
[White "Macho, Miloslav"]
[Black "Bauer, Jan 2005"]
[Result "1-0"]
[WhiteElo "1675"]
[BlackElo "1296"]
[PlyCount "39"]
[EventDate "2016.07.02"]
[EventType "swiss"]
[EventRounds "9"]
[EventCountry "CZE"]

1. e4 e5 2. Nf3 Nc6 3. c3 d6 4. d4 Bg4 5. h3 Bh5 6. Bb5 a6 7. Bxc6+ bxc6 8. Qa4 Ne7 9. c4 Bg6 10. dxe5 dxe5 11. Nxe5 Qd6 12. Bf4 Ra7 13. Nd2 Qc5 14. Nxc6 Nxc6 15. Be3 Qd6 16. Bxa7 Qf4 17. O-O-O Be7 18. Qxc6+ Kd8 19. Rhe1 Bd6 20. Re3 1-0